Open Data Biblioteca Nacional de Portugal


República Portuguesa: Ministério da Cultura
Biblioteca Nacional de Portugal

Catálogo da BNP: acesso por Identificadores Unívocos
Registos Bibliográficos associados ao registo de autoridade

Etiqueta de registo: 00254nam 2200025 450
001 2275942
003 http://id.bnportugal.gov.pt/bib/catbnp/2275942
100 ## $a20260304d2025 k y0pory01030103ba
101 0# $apor$deng
102 ## $aPT
105 ## $aa m 000yy
106 ## $ar
200 1# $a A contabilidade nas atividades informais$eevidências do mukhero em Moçambique$fAngélica Violeta Chiau$gorient. Tânia Menezes Montenegro, Maria Alexandra Soares Fontes
210 #9 $a[S.l.$cs.n.],$d2025
215 ## $aXV, 177 p.$cil.$d30 cm
328 #1 $aTese dout. Gestão (Contabilidade), Escola de Economia, Gestão e Ciência Política, Universidade do Minho, 2025
675 ## $a339.18(679)(043)$vBN$zpor$31995675
675 ## $a657(679)(043)$vBN$zpor$31995676
675 ## $a316.62-055.2(679)(043)$vBN$zpor$31995678
700 #1 $aChiau,$bAngélica Violeta$31989033
702 #1 $aMontenegro,$bTânia Menezes$4727$31990942
702 #1 $aFontes,$bMaria Alexandra Soares$4727$31556215
801 #0 $aPT$bBN$gRPC
966 ## $lBN$mFGMON$sS.C. 168915 V.$x1
971 ## $cssilva$d20260304
972 ## $e0$z0$d20260424$vasantos
973 ## $cigoulao$d20260414

Etiqueta de registo: 00254nam 2200025 450
001 2285515
003 http://id.bnportugal.gov.pt/bib/catbnp/2285515
010 ## $a978-989-9275-61-4
021 ## $aPT$b556870/25
100 ## $a20260429d2025 m y0pory01030103ba
101 0# $apor
102 ## $aPT
105 ## $aa z 000yy
106 ## $ar
200 1# $aEntre luz e sombra$eensaios sobre a obra de Mário Montenegro$forg. Tânia de Menezes Montenegro$gpref. Mário Cláudio$gtextos José Manuel Mendes... [et al.]
205 ## $a1ª ed
210 #9 $aVila Nova de Famalicão$cHúmus,$d2025
215 ## $a93 p.$cil.$d21 cm
701 #1 $aMendes,$bJosé Manuel,$f1948-$4070$328329
702 #1 $aMontenegro,$bTânia Menezes$4340$31990942
702 #1 $aCláudio,$bMário,$cpseud.$4080$323924
801 #0 $aPT$bBN$gRPC
966 ## $lBN$mFGMON$x1
966 ## $lBN$mFGMON$x1
971 ## $casantos$d20260429

OpendataBNP@bnportugal.pt | Mais informação sobre acesso aos dados BNP